Lady and the Tramp - Bella Notte Lyrics - Statistics

General Stats
  • This quiz has been taken 50 times
  • The average score is 103 of 140
Answer Stats
Answer % Correct
a
97%
is
94%
the
94%
The
94%
This
94%
this
94%
bella
91%
it
91%
night
91%
notte
91%
And
89%
On
89%
beautiful
86%
call
86%
in
86%
love
86%
we
86%
star
83%
eyes
80%
It's
80%
its
80%
their
80%
at
77%
have
77%
Look
77%
stars
77%
you
77%
one
74%
They
74%
lovely
69%
with
69%
your
69%
find
66%
Side
66%
side
66%
by
63%
here
63%
skies
60%
You'll
60%
are
57%
loved
57%
near
57%
will
57%
magic
54%
When
54%
heavens
51%
enchantment
49%
right
49%
spell
49%
For
40%
weave
37%
So
29%
of
23%
To
20%
take
17%
make
14%
from
11%
time
11%
about
9%
falling
9%
like
9%
that
9%
keep
6%
need
6%
climb
3%
dizzy
3%
No matching quizzes found
Score Distribution
Percent of People with Each Score
Percentile by Number Answered
Your Score History
You have not taken this quiz